000 00635nam a2200253Ia 4500
005 20260121161333.0
008 008 260114s9999 xx 000 0 eng d
020 _a9780429162947
037 _aEBOOK
040 _aCRL
040 _beng
040 _cCRL
041 _2eng
041 _aeng
084 _qCRL
100 _aGavin Shaddick; James V. Zidek
_91043151
245 0 _aSpatio-Temporal Methods in Environmental Epidemiology
260 _bTaylor and Francis
260 _c2016
856 _uhttp://www.taylorfrancis.com/books/9780429162947
942 _cEBOOK
999 _c1609967
_d1609967